| 000 | 00443pab a2200181 454500 | ||
|---|---|---|---|
| 008 | 180718b2011 xxu||||| |||| 00| 0 eng d | ||
| 100 | _aHazra, Anupam | ||
| 245 | _aEnsuring better access to credit in rural India | ||
| 260 | _c2011 | ||
| 300 | _ap.7-9. | ||
| 362 | _aJun | ||
| 650 | _aCredit -India | ||
| 650 | _aAgricultural credit - India | ||
| 650 | _aAgricultural credit | ||
| 773 | _aKurukshetra | ||
| 908 | _aN | ||
| 909 | _a91995 | ||
| 999 |
_c91995 _d91995 |
||